000 00672nam a22002177a 4500
003 DO-SdBNP
005 20171127145039.0
008 171127b 1989 mx a |||| 00| 0 spa d
020 _a9688801704
040 _aBPMSU
_bspa
_cBPMSU
082 _axxxxx
_bxxxxx
100 1 _aI. Sandor, Bela
245 1 _aIngeniería mecánica dinámica /
_cBela I. Sandor, Karen J. Richter ; traducción Armando Celorio Vila señor
250 _a2a ed
260 _aMéxico :
_bPrentoce-Hall.
_c1989.
300 _axiii, 981 p. :
_bil. :
_c26 cm.
700 1 _aJ. Richter, Karen
942 _2ddc
_cBK
945 _aInventariado extranjero / 2017 BT
956 _aBTAVAREZ
_b10
_c20171127
_d0038
999 _c13137
_d13137